[Event "16PCR_ZK04"]
[Site "?"]
[Date "2005.??.??"]
[Round "?"]
[White "Vyvial, Vaclav"]
[Black "Cvak, Rudolf"]
[Result "0-1"]
[WhiteElo "1687"]
[BlackElo "2040"]
[PlyCount "84"]
[EventDate "2005.??.??"]
[EventType "corr"]
[SourceDate "2005.02.23"]

1. c4 e5 2. Nc3 Nf6 3. g3 Nc6 4. Bg2 Bc5 5. Nf3 d6 6. O-O O-O 7. d3 Re8 8. Bg5
h6 9. Bxf6 Qxf6 10. Ne4 Qg6 11. Nxc5 dxc5 12. Nh4 Qd6 13. b3 Rd8 14. Nf3 Bg4
15. Re1 Rab8 16. Nd2 Nd4 17. Ne4 Qb6 18. f3 Bf5 19. e3 Nc6 20. a3 Rd7 21. Qc2
Rbd8 22. Red1 Ne7 23. Qc3 Bxe4 24. fxe4 Qf6 25. Rd2 Qg5 26. Re1 b6 27. b4 cxb4
28. axb4 c5 29. bxc5 bxc5 30. Qa3 Rc7 31. Qa5 Rdd7 32. Bh3 Nc6 33. Qa3 Re7 34.
Rf2 Qh5 35. Bg2 Nb4 36. Rf5 Qg6 37. Rd1 Qd6 38. Rf2 Rc6 39. Rfd2 Rb7 40. Rb2
Ra6 41. Qc3 Na2 42. Qb3 Rxb3 0-1

[Event "16PCR_ZK04"]
[Site "?"]
[Date "2005.??.??"]
[Round "?"]
[White "Vyvial, Vaclav"]
[Black "Ptacek, Jiri"]
[Result "1-0"]
[WhiteElo "1687"]
[BlackElo "1699"]
[PlyCount "65"]
[EventDate "2005.??.??"]
[EventType "corr"]
[SourceDate "2005.02.23"]

1. e4 e5 2. Nf3 Nf6 3. Nxe5 d6 4. Nxf7 Kxf7 5. d4 c6 6. Nc3 b5 7. Bd3 Bg4 8. f3
Bd7 9. O-O Be7 10. a4 b4 11. Bc4+ Be6 12. Bxe6+ Kxe6 13. Ne2 Kf7 14. c3 bxc3
15. Qb3+ d5 16. bxc3 Qb6 17. Qc2 Nbd7 18. Rb1 Qc7 19. Bf4 Qd8 20. e5 Ng8 21.
Qf5+ Ke8 22. Rb7 Qc8 23. Rxd7 g6 24. Rxe7+ Nxe7 25. Qxc8+ Nxc8 26. Rb1 Ne7 27.
Rb7 Kf7 28. Bg5 Rhe8 29. Nf4 Rab8 30. e6+ Kf8 31. Bxe7+ Rxe7 32. Rxb8+ Kg7 33.
Rc8 1-0

[Event "16PCR_ZK04"]
[Site "?"]
[Date "2005.??.??"]
[Round "?"]
[White "Celbr, Rudolf"]
[Black "Janovec, Vladimir"]
[Result "1-0"]
[WhiteElo "2090"]
[BlackElo "1870"]
[PlyCount "75"]
[EventDate "2005.??.??"]
[EventType "corr"]
[SourceDate "2005.02.23"]

1. c4 c5 2. e3 d6 3. d4 cxd4 4. exd4 d5 5. Nf3 e6 6. cxd5 Qxd5 7. Nc3 Qa5 8.
Bd2 Nf6 9. Bc4 Qb6 10. O-O Be7 11. Re1 O-O 12. d5 Bc5 13. Be3 Bxe3 14. Rxe3
Qxb2 15. Rb1 Qa3 16. dxe6 Bxe6 17. Nd5 Qa5 18. Nxf6+ gxf6 19. Bxe6 fxe6 20. Ne5
Qc7 21. Qg4+ Kh8 22. Ng6+ hxg6 23. Qxg6 Qg7 24. Rh3+ Kg8 25. Qe4 Nc6 26. Rg3
Nd8 27. Rxg7+ Kxg7 28. Qg4+ Kf7 29. h4 Rc8 30. Rd1 Rc7 31. h5 Rg8 32. Qh4 Rh8
33. h6 Ke7 34. Qb4+ Kf7 35. Qd6 Re7 36. Qb8 Rxh6 37. Rxd8 e5 38. Qc8 1-0

[Event "16PCR_ZK04"]
[Site "?"]
[Date "2005.??.??"]
[Round "?"]
[White "Celbr, Rudolf"]
[Black "Lesak, Vaclav"]
[Result "1-0"]
[WhiteElo "2090"]
[BlackElo "1866"]
[PlyCount "29"]
[EventDate "2005.??.??"]
[EventType "corr"]
[SourceDate "2005.02.23"]

1. c4 c5 2. e3 e6 3. d4 d5 4. cxd5 exd5 5. Nf3 Nf6 6. Be2 Nc6 7. O-O Be6 8. b3
cxd4 9. Nxd4 Bd7 10. Bb2 Bc5 11. Nxc6 Bxc6 12. Nc3 d4 13. Na4 Bxa4 14. exd4 Bd6
15. bxa4 1-0

[Event "16PCR_ZK04"]
[Site "?"]
[Date "2005.??.??"]
[Round "?"]
[White "Celbr, Rudolf"]
[Black "Ptacek, Jiri"]
[Result "1-0"]
[WhiteElo "2090"]
[BlackElo "1699"]
[PlyCount "55"]
[EventDate "2005.??.??"]
[EventType "corr"]
[SourceDate "2005.02.23"]

1. c4 Nf6 2. Nc3 g6 3. d4 Bg7 4. e4 d6 5. Nf3 O-O 6. Be2 Bg4 7. Be3 Nbd7 8. O-O
Rb8 9. h3 Bxf3 10. Bxf3 a6 11. Re1 Re8 12. b3 c5 13. e5 dxe5 14. dxc5 Qc7 15.
b4 Red8 16. Qb3 Rdc8 17. Rad1 h5 18. a3 Kh7 19. Bg5 Bh6 20. Bxh6 Kxh6 21. Nd5
Nxd5 22. cxd5 f6 23. d6 Qd8 24. Qe6 exd6 25. Rxd6 Nxc5 26. bxc5 Qa5 27. Rxe5
Rg8 28. Rxh5+ 1-0

[Event "16PCR_ZK04"]
[Site "?"]
[Date "2005.??.??"]
[Round "?"]
[White "Janovec, Vladimir"]
[Black "Mindl, Josef"]
[Result "0-1"]
[WhiteElo "1870"]
[BlackElo "1925"]
[PlyCount "86"]
[EventDate "2005.??.??"]
[EventType "corr"]
[SourceDate "2005.02.23"]

1. e4 c5 2. Nc3 Nc6 3. g3 g6 4. Bg2 Bg7 5. d3 d6 6. Be3 Rb8 7. f4 b5 8. Nge2 b4
9. Na4 Qa5 10. b3 Bxa1 11. Qxa1 f6 12. d4 cxd4 13. Nxd4 Nxd4 14. Bxd4 Bd7 15.
Nb2 Bb5 16. Nd1 Rc8 17. Qb2 e5 18. fxe5 dxe5 19. Bxe5 Bf1 20. Rxf1 Qxe5 21.
Qxe5+ fxe5 22. Ne3 Rc6 23. Nc4 Nf6 24. Nxe5 Re6 25. Nd3 Nxe4 26. Bxe4 Rxe4+ 27.
Kd1 Rf8 28. Rxf8+ Kxf8 29. Kd2 Ke7 30. Nc5 Re5 31. Na6 Rh5 32. h4 g5 33. Nxb4
gxh4 34. gxh4 Kd6 35. c4 Rxh4 36. Kc3 Rh2 37. a3 h5 38. Nd3 h4 39. Kb4 h3 40.
Nf4 Rh1 41. Nxh3 Rxh3 42. a4 a5+ 43. Kb5 Rxb3+ 0-1

[Event "16PCR_ZK04"]
[Site "?"]
[Date "2005.??.??"]
[Round "?"]
[White "Janovec, Vladimir"]
[Black "Ptacek, Jiri"]
[Result "1-0"]
[WhiteElo "1870"]
[BlackElo "1699"]
[PlyCount "73"]
[EventDate "2005.??.??"]
[EventType "corr"]
[SourceDate "2005.02.23"]

1. e4 e5 2. Nf3 Nf6 3. Nc3 Nc6 4. d4 Bb4 5. Nxe5 Nxe5 6. dxe5 Bxc3+ 7. bxc3 Ng8
8. f4 d6 9. exd6 Qxd6 10. Bb5+ Bd7 11. Qxd6 cxd6 12. Bxd7+ Kxd7 13. Rb1 Kc7 14.
Kd2 Rd8 15. Kd3 Ne7 16. Re1 Nc6 17. Rb5 f6 18. Be3 Kb8 19. Reb1 Rd7 20. Bd4
Nxd4 21. cxd4 Rc8 22. c4 a6 23. Rb6 Ka7 24. h3 Rc6 25. R6b4 b6 26. d5 Rc5 27.
Rxb6 Rdc7 28. Rxd6 Rxc4 29. Rb3 Rc2 30. Ra3 Rxg2 31. Rdxa6+ Kb8 32. e5 fxe5 33.
fxe5 Rg3+ 34. Kd4 Rg1 35. Rb6+ Rb7 36. Rxb7+ Kxb7 37. Re3 1-0

[Event "16PCR_ZK04"]
[Site "?"]
[Date "2005.??.??"]
[Round "?"]
[White "Lesak, Vaclav"]
[Black "Celbr, Rudolf"]
[Result "0-1"]
[WhiteElo "1866"]
[BlackElo "2090"]
[PlyCount "30"]
[EventDate "2005.??.??"]
[EventType "corr"]
[SourceDate "2005.02.23"]

1. Nf3 Nf6 2. Nc3 c5 3. e4 e6 4. e5 Nd5 5. Ne4 f5 6. Ng3 Qc7 7. Bb5 a6 8. Bc4
Nf4 9. O-O b5 10. Be2 Nc6 11. Re1 Nxe2+ 12. Qxe2 Be7 13. d3 O-O 14. c3 Qd8 15.
d4 cxd4 0-1

[Event "16PCR_ZK04"]
[Site "?"]
[Date "2005.??.??"]
[Round "?"]
[White "Mindl, Josef"]
[Black "Vyvial, Vaclav"]
[Result "1-0"]
[WhiteElo "1925"]
[BlackElo "1687"]
[PlyCount "89"]
[EventDate "2005.??.??"]
[EventType "corr"]
[SourceDate "2005.02.23"]

1. e4 d5 2. exd5 Nf6 3. d4 Nxd5 4. c4 Nb4 5. a3 N4c6 6. d5 Ne5 7. Nc3 g6 8. Bf4
Bg7 9. Be2 c6 10. Nf3 Nxf3+ 11. Bxf3 O-O 12. O-O cxd5 13. cxd5 Qb6 14. Qd2 Rd8
15. Rad1 Nc6 16. Na4 Qb3 17. Nc5 Qb5 18. Be3 Ne5 19. Be2 Qe8 20. Qb4 b6 21. Na6
Rd7 22. h3 Qd8 23. f4 Bxa6 24. Bxa6 Nc6 25. Qe4 Na5 26. Bb5 Rc7 27. b4 Nb7 28.
Bc6 Nd6 29. Qf3 Rb8 30. Rfe1 Nc4 31. Bf2 Rbc8 32. Qe2 Nd6 33. g4 Bc3 34. Rf1
Bf6 35. b5 Ne8 36. f5 gxf5 37. gxf5 Kh8 38. Kh1 Nd6 39. Rg1 Nxf5 40. Qh5 Nd6
41. Bd4 Ne4 42. d6 Rxc6 43. Bxf6+ exf6 44. Qxf7 Nf2+ 45. Kh2 1-0

[Event "16PCR_ZK04"]
[Site "?"]
[Date "2005.??.??"]
[Round "?"]
[White "Ptacek, Jiri"]
[Black "Celbr, Rudolf"]
[Result "0-1"]
[WhiteElo "1699"]
[BlackElo "2090"]
[PlyCount "54"]
[EventDate "2005.??.??"]
[EventType "corr"]
[SourceDate "2005.02.23"]

1. e4 c5 2. Nf3 e6 3. d4 cxd4 4. Nxd4 Nf6 5. Nc3 Nc6 6. Nxc6 bxc6 7. Bg5 Rb8 8.
e5 Qa5 9. exf6 Qxg5 10. fxg7 Bxg7 11. Rb1 Qa5 12. Bd3 Rxb2 13. O-O Bxc3 14.
Rxb2 Bxb2 15. Qb1 Be5 16. Rd1 Ba6 17. Bxa6 Qxa6 18. Re1 Qa5 19. Re3 Ke7 20. Rb3
Qd2 21. Rd3 Rb8 22. Qd1 Qxd1+ 23. Rxd1 Rb2 24. c4 Rxa2 25. g3 Ra1 26. Rxa1 Bxa1
27. Kg2 a5 0-1

[Event "16PCR_ZK04"]
[Site "?"]
[Date "2005.??.??"]
[Round "?"]
[White "Vyvial, Vaclav"]
[Black "Celbr, Rudolf"]
[Result "0-1"]
[WhiteElo "1687"]
[BlackElo "2090"]
[PlyCount "78"]
[EventDate "2005.??.??"]
[EventType "corr"]
[SourceDate "2005.02.23"]

1. d4 Nf6 2. c4 e6 3. Nc3 c5 4. Nf3 d5 5. cxd5 Nxd5 6. e4 Nxc3 7. bxc3 cxd4 8.
cxd4 Bb4+ 9. Bd2 Bxd2+ 10. Qxd2 O-O 11. Bc4 Nc6 12. O-O b6 13. Rfc1 Na5 14. Bd3
Bb7 15. Rc3 Rc8 16. Rxc8 Qxc8 17. Qe3 Nc4 18. Qe2 Nd6 19. e5 Nf5 20. Rd1 Rd8
21. Ng5 h6 22. Bxf5 exf5 23. Nf3 Qd7 24. Rd2 Bd5 25. Ne1 Qa4 26. f3 Rc8 27. h3
Rc4 28. Qe3 Rc1 29. Kh2 Ra1 30. Nd3 Qa3 31. Qf2 Rxa2 32. Rxa2 Qxa2 33. Qxa2
Bxa2 34. Nb4 Bc4 35. Nc6 a5 36. d5 Kf8 37. d6 Ke8 38. Nd4 b5 39. Nxf5 a4 0-1

[Event "16PCR_ZK04"]
[Site "?"]
[Date "2005.??.??"]
[Round "?"]
[White "Cvak, Rudolf"]
[Black "Celbr, Rudolf"]
[Result "1-0"]
[WhiteElo "2040"]
[BlackElo "2090"]
[PlyCount "99"]
[EventDate "2005.??.??"]
[EventType "corr"]
[SourceDate "2005.02.23"]

1. e4 e6 2. d4 d5 3. Nc3 Bb4 4. e5 c5 5. a3 Bxc3+ 6. bxc3 Ne7 7. Qg4 O-O 8. Bd3
f5 9. exf6 Rxf6 10. Bg5 Rf7 11. Qh5 g6 12. Qd1 Nbc6 13. Nf3 Qa5 14. Bd2 c4 15.
Be2 Nf5 16. h4 Rg7 17. h5 gxh5 18. Kf1 Nd6 19. Rxh5 Ne4 20. Ne5 Nxe5 21. Rxe5
Bd7 22. Bf3 Nxd2+ 23. Qxd2 Kh8 24. Ke2 Qb6 25. Qe1 Rf8 26. Kd2 Qd6 27. Kc1 Rf5
28. Re2 Rf6 29. Kb2 Ba4 30. Ka2 Qf4 31. Rb1 Qh6 32. Qd1 b5 33. Re3 a5 34. Rb2
Rg5 35. Qe2 Rgf5 36. Rb1 Rg5 37. Re1 Rgg6 38. Re5 Qf8 39. Qd2 Qh6 40. R1e3 Qf8
41. Re2 Qg7 42. Qe1 Qh6 43. Kb2 Kg7 44. R2e3 Kh8 45. Qe2 b4 46. cxb4 axb4 47.
axb4 Qf8 48. Qe1 Qd6 49. Ra3 Qd7 50. Qa1 1-0

[Event "16PCR_ZK04"]
[Site "?"]
[Date "2005.??.??"]
[Round "?"]
[White "Cvak, Rudolf"]
[Black "Trs, Jan"]
[Result "1-0"]
[WhiteElo "2040"]
[BlackElo "2220"]
[PlyCount "97"]
[EventDate "2005.??.??"]
[EventType "corr"]
[SourceDate "2005.02.23"]

1. e4 e5 2. Nf3 Nc6 3. Bb5 a6 4. Ba4 Nf6 5. d4 exd4 6. O-O Be7 7. e5 Ne4 8.
Nxd4 O-O 9. Nf5 d5 10. Bxc6 bxc6 11. Nxe7+ Qxe7 12. Re1 Re8 13. f3 Nd6 14. b3
Nf5 15. Qd2 Qe6 16. Qf2 Bd7 17. Bb2 a5 18. Nc3 Qg6 19. Na4 Be6 20. Nc5 h5 21.
a3 h4 22. Rad1 Qh6 23. Rd3 Qg5 24. f4 Qe7 25. a4 Nh6 26. Nxe6 fxe6 27. Rc3 Ng4
28. Qf3 Qb4 29. Rf1 Qb6+ 30. Kh1 Nh6 31. Ba3 Nf5 32. g4 hxg3 33. hxg3 Rad8 34.
g4 Nh6 35. Bc5 Qa6 36. Kg2 Nf7 37. Rh1 Rf8 38. g5 Nxg5 39. Qh5 Ne4 40. Re3 Nxc5
41. Rg3 Rd7 42. Rg6 d4 43. Kg1 Qe2 44. Qxe2 d3 45. cxd3 Kf7 46. Rh7 Ke8 47.
Rgxg7 Kd8 48. Qf2 Rxg7+ 49. Rxg7 1-0

[Event "16PCR_ZK04"]
[Site "?"]
[Date "2005.??.??"]
[Round "?"]
[White "Trs, Jan"]
[Black "Cvak, Rudolf"]
[Result "1-0"]
[WhiteElo "2220"]
[BlackElo "2040"]
[PlyCount "99"]
[EventDate "2005.??.??"]
[EventType "corr"]
[SourceDate "2005.02.23"]

1. d4 Nf6 2. c4 g6 3. Nc3 Bg7 4. e4 d6 5. Nf3 O-O 6. Be2 e5 7. d5 a5 8. Bg5 h6
9. Bh4 Na6 10. O-O Nc5 11. Nd2 c6 12. Nb3 g5 13. Nxc5 gxh4 14. N5a4 h3 15. g3
c5 16. Kh1 Ra6 17. Qd3 Bd7 18. Nb5 Kh8 19. Nac3 Qe7 20. Qd2 Rb6 21. f3 Ne8 22.
Rf2 Qg5 23. f4 exf4 24. gxf4 Qh4 25. Rf3 f5 26. Rg1 fxe4 27. Nxe4 Qe7 28. Nec3
Qh4 29. Bd3 Nf6 30. Nc7 Bg4 31. Re3 Rg8 32. Ne6 Bxe6 33. dxe6 Qxf4 34. Ne2 Rxb2
35. Nxf4 Rxd2 36. Rxh3 Re8 37. Rhg3 Rxd3 38. Rxd3 Ne4 39. Rb3 Nf2+ 40. Kg2 Ne4
41. Re1 Nd2 42. Rxb7 Nxc4 43. Reb1 Bf6 44. Rb8 Rg8+ 45. Rxg8+ Kxg8 46. Rb8+ Kg7
47. Rb7+ Kh8 48. Rf7 Bg5 49. h4 Bxh4 50. Ng6+ 1-0

[Event "16PCR_ZK04"]
[Site "?"]
[Date "2005.??.??"]
[Round "?"]
[White "Celbr, Rudolf"]
[Black "Trs, Jan"]
[Result "1/2-1/2"]
[WhiteElo "2090"]
[BlackElo "2220"]
[PlyCount "88"]
[EventDate "2005.??.??"]
[EventType "corr"]
[SourceDate "2005.02.23"]

1. c4 c5 2. e3 Nf6 3. Nf3 Nc6 4. Be2 d5 5. d4 dxc4 6. Bxc4 cxd4 7. exd4 a6 8.
O-O Bg4 9. Qb3 e6 10. Ne5 Qc7 11. Nc3 Bf5 12. Nxc6 bxc6 13. Ne2 Bd6 14. Ng3 Bg6
15. Qf3 Nd5 16. h4 Bxg3 17. fxg3 Qb6 18. Qf2 O-O 19. b3 Rfd8 20. Bb2 Nf6 21.
Be2 Rd7 22. g4 h6 23. Rac1 a5 24. Rc4 a4 25. Bf3 axb3 26. Rxc6 Qb4 27. a3 Qb8
28. d5 Nxd5 29. Bxd5 exd5 30. Qd4 f6 31. g5 hxg5 32. hxg5 Qa7 33. gxf6 Qxd4+
34. Bxd4 Bc2 35. Rf4 g6 36. Rh4 g5 37. Rg4 Kf7 38. Rxg5 Bg6 39. Rb6 Rxa3 40.
Rg3 Ra4 41. Rg4 Ra3 42. Bb2 Ra8 43. Rxb3 Rc8 44. Rbg3 Rb7 1/2-1/2

[Event "16PCR_ZK04"]
[Site "?"]
[Date "2005.??.??"]
[Round "?"]
[White "Vyvial, Vaclav"]
[Black "Trs, Jan"]
[Result "0-1"]
[WhiteElo "1687"]
[BlackElo "2220"]
[PlyCount "72"]
[EventDate "2005.??.??"]
[EventType "corr"]
[SourceDate "2005.02.23"]

1. d4 Nf6 2. c4 g6 3. Nc3 Bg7 4. e4 d6 5. Nf3 O-O 6. Be2 e5 7. O-O Nc6 8. d5
Ne7 9. Bg5 h6 10. Bd2 Nd7 11. Qc1 Kh7 12. Qc2 f5 13. Rae1 c6 14. exf5 gxf5 15.
Be3 cxd5 16. cxd5 a6 17. Qb3 b5 18. Rd1 f4 19. Qc2+ Kh8 20. Bc1 b4 21. Ne4 Nb6
22. Nfd2 Bf5 23. Bc4 f3 24. gxf3 a5 25. Rfe1 Rc8 26. Qd3 Ng6 27. Ba6 Nf4 28.
Qb3 Qh4 29. Kh1 Rc7 30. a3 Nbxd5 31. Bf1 Rg8 32. Bb5 Nf6 33. axb4 d5 34. Ng3
Bc2 35. Qa3 Rgc8 36. Qa1 Nh3 0-1

[Event "16PCR_ZK04"]
[Site "?"]
[Date "2005.??.??"]
[Round "?"]
[White "Trs, Jan"]
[Black "Mindl, Josef"]
[Result "1/2-1/2"]
[WhiteElo "2220"]
[BlackElo "1925"]
[PlyCount "109"]
[EventDate "2005.??.??"]
[EventType "corr"]
[SourceDate "2005.02.23"]

1. c4 Nf6 2. Nc3 g6 3. d4 Bg7 4. e4 d6 5. Nf3 O-O 6. Be2 e5 7. O-O Nc6 8. d5
Ne7 9. Nd2 a5 10. a3 Nd7 11. Rb1 f5 12. b4 Kh8 13. f3 Ng8 14. Qc2 Ngf6 15. Bd3
f4 16. Nb3 axb4 17. axb4 c5 18. bxc5 Nxc5 19. Nxc5 dxc5 20. Bb2 Ne8 21. Ra1 Rb8
22. Qf2 b6 23. Nb5 Nd6 24. Rfb1 Nxb5 25. cxb5 Qd6 26. Ra4 g5 27. Rba1 Bf6 28.
Be2 Rb7 29. Ra8 h5 30. Qe1 Rg7 31. Qc3 g4 32. fxg4 hxg4 33. Rxc8 Rxc8 34. Bxg4
Rf8 35. Bf5 Kg8 36. Qh3 Kf7 37. Bd7 Ke7 38. Bc6 Kf7 39. Ra7+ Kg8 40. Bd7 Re7
41. Be6+ Qxe6 42. dxe6 Rxa7 43. Kf1 Rg7 44. Qd3 Rd8 45. e7 Rxd3 46. e8=Q+ Kh7
47. Bxe5 Bxe5 48. Qh5+ Kg8 49. Qxe5 Rd2 50. Qb8+ Kh7 51. Qxb6 Rgxg2 52. Qc7+
Kg6 53. Qxc5 Rxh2 54. Qf5+ Kg7 55. Qg5+ 1/2-1/2

[Event "16PCR_ZK04"]
[Site "?"]
[Date "2005.??.??"]
[Round "?"]
[White "Janovec, Vladimir"]
[Black "Trs, Jan"]
[Result "1/2-1/2"]
[WhiteElo "1870"]
[BlackElo "2220"]
[PlyCount "97"]
[EventDate "2005.??.??"]
[EventType "corr"]
[SourceDate "2005.02.23"]

1. e4 e5 2. Nf3 Nc6 3. Bc4 Bc5 4. Nc3 Nf6 5. d3 d6 6. Bg5 h6 7. Bxf6 Qxf6 8.
Nd5 Qd8 9. c3 Ne7 10. b4 Bb6 11. Nxb6 axb6 12. d4 exd4 13. Nxd4 O-O 14. O-O Bd7
15. a4 Ng6 16. f3 Qg5 17. Kh1 Qf4 18. Nb5 Bxb5 19. Bxb5 Ra7 20. g3 Qe5 21. Qc2
Rfa8 22. f4 Qe7 23. Ra2 Nf8 24. Rfa1 c6 25. Bf1 Nd7 26. Bh3 Nf6 27. Bg2 Qe6 28.
c4 Re8 29. Re1 d5 30. cxd5 Nxd5 31. Rb2 Rea8 32. Rbb1 Nc7 33. Qf2 Rxa4 34. Qxb6
Qc8 35. Bf1 Ra2 36. Bc4 Qg4 37. Rf1 Rc2 38. Bb3 Rd2 39. Rf2 Rxf2 40. Qxf2 Rd8
41. Kg2 Qg6 42. Bc2 Qe6 43. Qe2 Rd4 44. Kf3 Nb5 45. Rb2 Qd7 46. e5 Kf8 47. Qe3
Rd2 48. Qc5+ Ke8 49. Ke3 1/2-1/2

[Event "16PCR_ZK04"]
[Site "?"]
[Date "2005.??.??"]
[Round "?"]
[White "Janovec, Vladimir"]
[Black "Vyvial, Vaclav"]
[Result "1/2-1/2"]
[WhiteElo "1870"]
[BlackElo "1687"]
[PlyCount "119"]
[EventDate "2005.??.??"]
[EventType "corr"]
[SourceDate "2005.02.23"]

1. e4 c6 2. d4 d5 3. Nc3 dxe4 4. Nxe4 Nd7 5. Bc4 Ngf6 6. Ng5 e6 7. Qe2 Nb6 8.
Bb3 h6 9. N5f3 c5 10. Bf4 Nfd5 11. Be5 f6 12. Bg3 c4 13. Bxc4 Bb4+ 14. Kf1 Nxc4
15. Qxc4 Bd6 16. Qb5+ Bd7 17. Qe2 Bxg3 18. hxg3 Qc7 19. c4 Nb6 20. b3 O-O-O 21.
Rd1 a5 22. Qe1 Na8 23. Ne2 Rhf8 24. Nf4 Rfe8 25. Rh5 b6 26. Qe2 Bc6 27. Nd3 Qe7
28. b4 axb4 29. Rb1 Qf7 30. Rh4 g5 31. Rxh6 Qg7 32. Rh1 g4 33. Nd2 Rxd4 34.
Nxb4 Bb7 35. Nb3 Re4 36. Qd3 Rd8 37. Qc3 Nc7 38. Kg1 Qg5 39. Rc1 Kb8 40. a3 Re2
41. Re1 Rxe1+ 42. Qxe1 Qf5 43. Rh6 Na6 44. Nxa6+ Bxa6 45. Qe3 Kb7 46. Nd2 Rd3
47. Qe4+ Qxe4 48. Nxe4 f5 49. Ng5 Rxa3 50. Rh7+ Ka8 51. c5 bxc5 52. Nxe6 c4 53.
Nd4 c3 54. Nc6 Bd3 55. Rc7 c2 56. Nb4 Ra1+ 57. Kh2 c1=Q 58. Rxc1 Rxc1 59. Nxd3
Rf1 60. f4 1/2-1/2

[Event "16PCR_ZK04"]
[Site "?"]
[Date "2005.??.??"]
[Round "?"]
[White "Vyvial, Vaclav"]
[Black "Janovec, Vladimir"]
[Result "1-0"]
[WhiteElo "1687"]
[BlackElo "1870"]
[PlyCount "112"]
[EventDate "2005.??.??"]
[EventType "corr"]
[SourceDate "2005.02.23"]

1. c4 e5 2. Nc3 Nc6 3. g3 g6 4. Bg2 Bg7 5. d3 d6 6. Nf3 f5 7. Qb3 Nge7 8. O-O
O-O 9. Bg5 h6 10. Bd2 b6 11. Rac1 Bb7 12. Rfd1 a5 13. c5+ d5 14. cxb6 cxb6 15.
Be3 Ra6 16. Na4 Qd6 17. Nxb6 Rb8 18. Bc5 Qd8 19. Na4 Ba8 20. Qa3 Nb4 21. d4 e4
22. Ne5 Kh7 23. f4 Nec6 24. Nc3 Nxe5 25. dxe5 Rc6 26. Na4 Bb7 27. Bd6 Rbc8 28.
Rxc6 Bxc6 29. Nc5 Qb6 30. Rc1 Bb5 31. Qe3 Nxa2 32. Rc2 Nb4 33. Rc1 Rc6 34. Kh1
Na6 35. Bf1 Bc4 36. b3 Nxc5 37. bxc4 Nd7 38. c5 Qb4 39. Qc3 d4 40. Qc4 Qxc4 41.
Rxc4 Kg8 42. g4 Bf8 43. Bxf8 Kxf8 44. gxf5 gxf5 45. Bh3 Rxc5 46. Rxd4 Nxe5 47.
fxe5 Rxe5 48. Kg2 f4 49. Kf2 Rh5 50. Bg2 f3 51. exf3 exf3 52. Kxf3 Rxh2 53. Rd5
Rh4 54. Rxa5 Kg7 55. Ke3 Kf6 56. Bf3 Rb4 1-0